Livestock report 2006

Na minha lista:
Detalhes bibliográficos
Formato: Livro
Idioma:Undetermined
Publicado em: Rome FAO 2006
Assuntos:
Tags: Adicionar Tag
Sem tags, seja o primeiro a adicionar uma tag!
Thư viện lưu trữ: Trung tâm Học liệu Trường Đại học Cần Thơ
LEADER 00426nam a2200169Ia 4500
001 CTU_104915
008 210402s9999 xx 000 0 und d
082 |a 338.176 
082 |b L785 
245 0 |a Livestock report 2006 
260 |a Rome 
260 |b FAO 
260 |c 2006 
650 |a Livestock,Animal industry 
650 |x Economic aspects 
904 |i Minh 
980 |a Trung tâm Học liệu Trường Đại học Cần Thơ